000 00450nam a2200193Ia 4500
005 20240823011413.0
008 240823s9999||||xx |||||||||||||| ||und||
041 _aENGLISH
082 _A004 M7
100 _a"Horn,Garin E"
245 0 _aComputer Literacy
250 _a2nd
260 _c1987
_b"TMH,New Delhi"
500 _aTransfered
650 _aLiteracy
_bComputer Science
700 _a" Poirot,James"
942 _cBK
999 _c161437
_d161437